Capitalism and culture : a comparative analysis of British and American manufacturing organisations /

Bibliographic Details
Main Author: Jamieson, Ian
Format: Book
Language:English
Published: Farnborough, England : Gower, [1980]
Subjects:

MARC

Tag First Indicator Second Indicator Subfields
LEADER 00000cam a2200000 a 4500
001 in00000073037
005 20151008060023.0
008 811214s1980 enk b 00110 engm
010 |a  81461975  
015 |a GB*** 
020 |a 0566003562 :  |c 12.50 
035 |a (OCoLC)07718086 
035 |9 AAJ4976AM 
040 |a DLC  |c DLC  |d m.c.  |d TXA  |d UtOrBLW 
043 |a e-uk---  |a n-us--- 
049 |a TXAM  |c [1804918] 
050 0 0 |a HD70.G7  |b J35 
082 0 |a 658.1/0941  |2 19 
100 1 |a Jamieson, Ian. 
245 1 0 |a Capitalism and culture :  |b a comparative analysis of British and American manufacturing organisations /  |c Ian Jamieson. 
264 1 |a Farnborough, England :  |b Gower,  |c [1980] 
264 4 |c ©1980 
300 |a xiii, 240 pages ;  |c 23 cm. 
336 |a text  |b txt  |2 rdacontent 
337 |a unmediated  |b n  |2 rdamedia 
338 |a volume  |b nc  |2 rdacarrier 
500 |a Includes index. 
504 |a Bibliography: pages 219-233. 
650 0 |a Industrial organization  |z Great Britain. 
650 0 |a Corporations, American  |z Great Britain. 
999 |a MARS 
999 f f |s 4274d47d-098e-3d57-88b4-9b51df593088  |i b8aef43a-59b4-3d58-afa8-d4d6c58e1f35  |t 0 
952 f f |p ric  |a Texas A&M University  |b Rellis Campus  |c Joint Library Facility  |d Remote Storage  |t 0  |e HD70.G7 J35  |h Library of Congress classification  |i unmediated -- volume  |m A14806124875 
998 f f |a HD70.G7 J35  |t 0  |l Remote Storage